000 00422pab a2200145 454500
008 180718b2017 xxu||||| |||| 00| 0 eng d
100 _aConnell, Raewyn et al
245 _aToward a global sociology of knowledge: Post-colonial realities and intellectual practices
260 _c2017
300 _ap.21-37.
362 _aJan
650 _aSociology of knowledge
773 _aInternational Sociology
909 _a113736
999 _c113730
_d113730